New dimensions in youthwork.

Bibliographic Details
Main Author: Galloway, Howard P.
Format: Book
Language:English
Published: North Plainfield, N.J. : Galloway Publications, [1973]
Series:[New dimensions in youthwork, book 1]
Subjects:

MARC

Tag First Indicator Second Indicator Subfields
LEADER 00000cam a2200000 4500
001 in00000460721
005 20151012093853.0
008 731011s1973 nju b 00000 eng
010 |a  72096322  
020 |a 0878740074 
035 |a (OCoLC)00730608 
035 |9 ABY8945AM 
040 |a DLC  |c DLC  |d TXA  |d UtOrBLW 
043 |a n-us--- 
049 |a TXAM  |c [1017616] 
050 0 0 |a HQ796  |b .G32 
082 0 |a 362.7 
100 1 |a Galloway, Howard P. 
245 1 0 |a New dimensions in youthwork. 
264 1 |a North Plainfield, N.J. :  |b Galloway Publications,  |c [1973] 
300 |a 182 pages ;  |c 22 cm. 
336 |a text  |b txt  |2 rdacontent 
337 |a unmediated  |b n  |2 rdamedia 
338 |a volume  |b nc  |2 rdacarrier 
490 0 |a [New dimensions in youthwork, book 1] 
504 |a Includes bibliographical references. 
650 0 |a Youth  |z United States. 
650 0 |a Adolescent psychology. 
650 0 |a Social group work. 
999 |a MARS 
999 f f |s eaa5c105-0700-3b34-826f-bc63403b338c  |i 9b55f3a6-2d60-388f-a641-ecbfd2da2a15  |t 0 
952 f f |p ric  |a Texas A&M University  |b Rellis Campus  |c Joint Library Facility  |d Remote Storage  |t 0  |e HQ796 .G32  |h Library of Congress classification  |i unmediated -- volume  |m A14802970371 
998 f f |a HQ796 .G32  |t 0  |l Remote Storage